| 000 | 00487nam a2200157Ia 4500 | ||
|---|---|---|---|
| 003 | IN-BaIIA | ||
| 008 | 211028s9999 xx 000 0 eng d | ||
| 040 | _cIIA Library | ||
| 080 |
_a(035)67 _bHAN |
||
| 110 |
_aSBP Consultant & Engineers _914661 |
||
| 245 | 0 |
_aHandbook of reserved small cottage and tiny industries _cSBP Board of consultant |
|
| 650 |
_aHandbook _91241 |
||
| 650 | _aNASA Thesaurus | ||
| 650 |
_aTiny industries _914662 |
||
| 942 | _cBK | ||
| 999 |
_c8731 _d8731 |
||